000 00983nam a22002417a 4500
999 _c22383
_d22383
003 OSt
005 20220516140603.0
008 191119e201904 pe a b 000 0 spa
020 _a9786124431258
040 _cBiblioteca Municipal de Cusco
082 _a330.98/A69
_bA69
100 1 _aArellano, Rolando
_947976
245 1 0 _a12 mitos de una región sin nombre :
_blatinoamérica /
_cRolando Arellano
246 3 _aDoce mitos de una región sin nombre
250 _aPrimera edición.
264 1 _aLima :
_bPlaneta,
_c2019.
300 _a150 páginas. :
_bilustraciones en color ;
_c24 cm.
500 _a"¿Será verdad que somos rurales?, ¿flojos? ¿machistas?, ¿extremadamente pobres? ¿o son solo mitos que nos impiden unirnos y crecer?" --Cubierta.
504 _aIncluye referencias bibliográficas (página 190).
650 _aDesarrollo económico
_ySiglo XXI
_zAmérica Latina
_947977
651 _aAmérica Latina
_xCondiciones económicas
_947978
942 _2ddc
_cLIBROS